Loading...
Stellar populations in the Magellanic Clouds
| Main Author: | |
|---|---|
| Format: | Electronic Thesis |
| Language: | English |
| Online Access: | http://hdl.handle.net/10603/11210 |
| LEADER | 00446nam a2200145Ia 4500 | ||
|---|---|---|---|
| 001 | 9939 | ||
| 008 | 190202t ii ||||fom||| 00| 0 eng d | ||
| 100 | |a Subramanian, Smitha | ||
| 245 | |a Stellar populations in the Magellanic Clouds | ||
| 502 | |a Thesis (Ph. D.) -- Department of Physics, University of Calicut, 2011. | ||
| 546 | |a English | ||
| 796 | |a Subramaniam, Annapurni | ||
| 856 | |u http://hdl.handle.net/10603/11210 | ||
| 952 | |a ON |c ETD |y ETD | ||
| 999 | |c etd9939 | ||